Statistics for Which Constitutional Amendment?

Click here to take the quiz!

General Stats

  • This quiz has been taken 113 times
  • The average score is 11 of 15

Answer Stats

QuestionAnswer% Correct
Controversially completely legalizes firearms2
91%
Is the last one in the Bill of Rights10
91%
Abolished slavery13
87%
Is currently the final one in the Constitution27
84%
Allowed women to vote19
82%
Was created to prevent ties like the one in the Election of 180012
76%
Started the Prohibition Era18
73%
Ended the Prohibition Era21
69%
Allowed people to vote regardless of race15
67%
Lowered the legal voting age26
62%
Requires a search warrant for investigating a building4
62%
Created a two-term limit for the President22
60%
Gave the District of Columbia electoral votes23
51%
Changed how Senators are voted into office17
49%
Protects against unusual punishments for crime8
47%

Score Distribution

Percentile by Number Answered

Percent of People with Each Score

Your Score History

You have not taken this quiz